[Event "Gibraltar Masters 13th"]
[Site "Caleta"]
[Date "2015.02.02"]
[Round "7"]
[White "Scharrer, Patrick"]
[Black "Svane, Rasmus"]
[Result "0-1"]
[WhiteElo "2231"]
[BlackElo "2496"]
[PlyCount "164"]
[EventDate "2015.01.27"]
[EventType "swiss"]
[EventRounds "10"]
[EventCountry "GGB"]
[SourceTitle "CBM 165"]
[Source "ChessBase"]
[SourceDate "2015.03.11"]
[SourceVersion "1"]
[SourceVersionDate "2015.03.11"]
[SourceQuality "1"]

1. e4 e6 2. d3 d5 3. Qe2 Nc6 4. Nf3 e5 5. c3 Nf6 6. b4 Bd6 7. g3 0-0 8. Bg2 Re8 9. 0-0 dxe4 10. dxe4 a5 11. b5 Nb8 12. Nbd2 Nbd7 13. Nc4 Nb6 14. Rd1 Nxc4 15. Qxc4 Qe7 16. Qe2 Be6 17. Nd2 Ba3 18. Bxa3 Qxa3 19. Qe3 Rad8 20. Bf1 a4 21. h3 Rd7 22. Rdc1 Qb2 23. Nc4 Bxc4 24. Bxc4 Red8 25. Kf1 h6 26. Ke1 Qd2+ 27. Qxd2 Rxd2 28. Bd5 Rb2 29. Rab1 Rxb1 30. Rxb1 Nxd5 31. exd5 Rxd5 32. Ke2 Kf8 33. b6 c6 34. Rb4 Rb5 35. Rxa4 Rxb6 36. Ke3 Ke7 37. f4 exf4+ 38. Kxf4 Rb2 39. Re4+ Kd6 40. Rd4+ Ke7 41. a4 Rb3 42. Rc4 Kd6 43. Rd4+ Kc7 44. Rc4 Rb1 45. h4 b6 46. Ke5 Re1+ 47. Kf5 Kd6 48. Rd4+ Kc5 49. Rg4 Rf1+ 50. Ke5 g6 51. Rf4 Re1+ 52. Kf6 Re3 53. g4 Rxc3 54. Kxf7 g5 55. Rf5+ Kb4 56. Rf6 gxh4 57. Rxh6 Kxa4 58. g5 b5 59. Rxh4+ Rc4 60. Rxc4+ bxc4 61. g6 c3 62. g7 c2 63. g8Q c1Q 64. Qa8+ Kb5 65. Qb7+ Kc5 66. Qe7+ Kc4 67. Qh4+ Kb5 68. Ke7 Qc5+ 69. Kd7 Qd5+ 70. Kc7 Qe5+ 71. Kc8 c5 72. Qh1 Qf5+ 73. Kc7 Qe5+ 74. Kc8 c4 75. Qb1+ Kc5 76. Qg1+ Qd4 77. Qg5+ Kb4 78. Kb7 c3 79. Qe7+ Kb3 80. Qe1 c2 81. Ka8 Qa4+ 82. Kb7 Qb4+ 0-1

[Event "Gibraltar Challengers-B 13th"]
[Site "Caleta"]
[Date "2015.02.01"]
[Round "2"]
[White "Scharrer, Patrick"]
[Black "Ungureanu, Sandu"]
[Result "1-0"]
[WhiteElo "2231"]
[BlackElo "2040"]
[PlyCount "57"]
[EventDate "2015.01.31"]
[EventType "swiss"]
[EventRounds "5"]
[EventCountry "GGB"]
[SourceTitle "CBM 164 Extra"]
[Source "ChessBase"]
[SourceDate "2015.03.02"]
[SourceVersion "1"]
[SourceVersionDate "2015.03.02"]
[SourceQuality "1"]

1. e4 c5 2. Nf3 d6 3. d4 cxd4 4. Nxd4 Nf6 5. Nc3 g6 6. f3 Bg7 7. Be3 Nc6 8. Qd2 Bd7 9. g4 Rc8 10. 0-0-0 a6 11. Kb1 Ne5 12. h4 h6 13. Bd3 Nxd3 14. cxd3 b5 15. g5 hxg5 16. hxg5 Rxh1 17. Rxh1 Nh5 18. f4 Qa5 19. f5 Be5 20. Nde2 Bxc3 21. Nxc3 Bc6 22. fxg6 fxg6 23. Rf1 b4 24. Ne2 Qb5 25. Nd4 Qb7 26. Qf2 Bxe4 27. dxe4 Qxe4+ 28. Ka1 Rc4 29. Qf7+ 1-0

[Event "Gibraltar Challengers-A 13th"]
[Site "Caleta"]
[Date "2015.01.28"]
[Round "3"]
[White "Gieritz, Dietmar"]
[Black "Scharrer, Patrick"]
[Result "1-0"]
[WhiteElo "2048"]
[BlackElo "2231"]
[PlyCount "57"]
[EventDate "2015.01.26"]
[EventType "swiss"]
[EventRounds "5"]
[EventCountry "GGB"]
[SourceTitle "CBM 164 Extra"]
[Source "ChessBase"]
[SourceDate "2015.03.02"]
[SourceVersion "1"]
[SourceVersionDate "2015.03.02"]
[SourceQuality "1"]

1. Nf3 g6 2. g3 Bg7 3. d4 d6 4. Bg2 Nd7 5. 0-0 e5 6. c4 Ne7 7. Nc3 0-0 8. h3 exd4 9. Nxd4 a5 10. Bg5 h6 11. Bf4 Nc5 12. Qd2 Kh7 13. Rfd1 Bd7 14. Ndb5 Bc6 15. Nxc7 Qxc7 16. Bxd6 Qb6 17. Bxe7 Rfe8 18. Bxc5 Qxc5 19. Nd5 Rad8 20. Rac1 b5 21. b3 b4 22. e4 h5 23. Qf4 Kh8 24. Qxf7 Rf8 25. Qxg6 Rxf2 26. Qxh5+ Bh6 27. Qxh6+ Kg8 28. Qg5+ Kh7 29. Nf6+ 1-0

[Event "Gibraltar Masters 13th"]
[Site "Caleta"]
[Date "2015.01.28"]
[Round "2"]
[White "Scharrer, Patrick"]
[Black "Machlik, Monika"]
[Result "1-0"]
[WhiteElo "2231"]
[BlackElo "2015"]
[PlyCount "127"]
[EventDate "2015.01.27"]
[EventType "swiss"]
[EventRounds "10"]
[EventCountry "GGB"]
[SourceTitle "CBM 165"]
[Source "ChessBase"]
[SourceDate "2015.03.11"]
[SourceVersion "1"]
[SourceVersionDate "2015.03.11"]
[SourceQuality "1"]

1. e4 c6 2. d4 d5 3. Nc3 dxe4 4. Nxe4 Bf5 5. Ng3 Bg6 6. h4 h6 7. Nf3 Nd7 8. h5 Bh7 9. Bd3 Bxd3 10. Qxd3 e6 11. Bd2 Qc7 12. 0-0-0 Ngf6 13. Ne4 0-0-0 14. g3 Nc5 15. Nxc5 Bxc5 16. Rh4 Qe7 17. Qe2 Bb6 18. c4 Rhe8 19. Bc3 Kb8 20. Kb1 a6 21. a3 Ka8 22. Ne5 c5 23. Rd3 Qc7 24. dxc5 Bxc5 25. Rh1 Rxd3 26. Nxd3 Bd6 27. Rc1 Bf8 28. Ne5 Rd8 29. f4 Ne8 30. c5 Nf6 31. c6 Nd5 32. Qc4 f6 33. Ng6 Bd6 34. Bd2 Qxc6 35. Qxc6 bxc6 36. Rxc6 Kb7 37. Rc4 Ne7 38. Nxe7 Bxe7 39. Kc2 Rc8 40. Rxc8 Kxc8 41. Kd3 Kc7 42. Kc4 f5 43. Bc3 Bf6 44. Be5+ Kc6 45. b4 Kb6 46. a4 Kc6 47. b5+ axb5+ 48. axb5+ Kb6 49. Bd6 Bd8 50. Bc5+ Kb7 51. Bf8 Bf6 52. Kc5 Bb2 53. Kd6 Ba3+ 54. Kxe6 Bxf8 55. Kf7 Bc5 56. Kxg7 Bf2 57. Kxh6 Bxg3 58. Kg5 Kb6 59. Kxf5 Kxb5 60. h6 Be1 61. Ke6 Bc3 62. f5 Bh8 63. f6 Kc6 64. f7 1-0

[Event "Budapest Art Pub Cup 6th"]
[Site "Budapest"]
[Date "2015.01.03"]
[Round "4"]
[White "Szabo, Balazs"]
[Black "Scharrer, Patrick"]
[Result "1-0"]
[WhiteElo "2277"]
[BlackElo "2231"]
[PlyCount "95"]
[EventDate "2015.01.02"]
[EventType "swiss"]
[EventRounds "6"]
[EventCountry "HUN"]
[SourceTitle "CBM 164 Extra"]
[Source "ChessBase"]
[SourceDate "2015.03.02"]
[SourceVersion "1"]
[SourceVersionDate "2015.03.02"]
[SourceQuality "1"]

1. d4 g6 2. e4 Bg7 3. c4 d6 4. Nc3 Nf6 5. Nf3 0-0 6. h3 Na6 7. Be3 Qe8 8. g4 e5 9. d5 Nc5 10. Nd2 a5 11. Be2 c6 12. g5 Nfd7 13. Qc2 f5 14. f3 cxd5 15. exd5 a4 16. 0-0-0 e4 17. f4 Qd8 18. Nb5 Qb6 19. Kb1 Re8 20. a3 Nf8 21. Ka2 Bd7 22. h4 Rac8 23. Nd4 Qa5 24. Rh3 Rc7 25. Qc3 Qa8 26. Qb4 Qa6 27. Nb5 Rcc8 28. h5 Bxb5 29. cxb5 Qb6 30. Nc4 Qc7 31. b6 Qe7 32. h6 Bh8 33. Bd4 Nd3 34. Qc3 Bxd4 35. Qxd4 Nxf4 36. Rh2 Nxe2 37. Rxe2 Red8 38. Rc2 Nd7 39. Rdc1 Ne5 40. Na5 Rxc2 41. Rxc2 Qxg5 42. Nxb7 Rb8 43. Nxd6 Qe7 44. Qc5 Nd7 45. Qd4 Nxb6 46. Nxf5 Qf7 47. Ne3 Nc8 48. Qe5 1-0

[Event "Gibraltar Masters 12th"]
[Site "Caleta"]
[Date "2014.02.04"]
[Round "8"]
[White "Scharrer, Patrick"]
[Black "Movsesian, Julia"]
[Result "0-1"]
[WhiteElo "2220"]
[BlackElo "2352"]
[PlyCount "134"]
[EventDate "2014.01.28"]
[EventType "swiss"]
[EventRounds "10"]
[EventCountry "GGB"]
[SourceTitle "CBM 159"]
[Source "ChessBase"]
[SourceDate "2014.03.17"]
[SourceVersion "1"]
[SourceVersionDate "2014.03.17"]
[SourceQuality "1"]

1. e4 d6 2. d4 Nf6 3. Nc3 e5 4. Nf3 Nbd7 5. Bc4 Be7 6. 0-0 0-0 7. Re1 c6 8. a4 exd4 9. Nxd4 Ne5 10. Ba2 Re8 11. h3 Bf8 12. Bg5 h6 13. Bh4 Ng6 14. Bg3 Qb6 15. Qd2 Bd7 16. Rad1 Rad8 17. Nf3 Bc8 18. Bb3 Nd7 19. Nh4 Nge5 20. Kh1 Nc5 21. Ba2 Qb4 22. f4 Ned7 23. Qd4 Qxd4 24. Rxd4 Nf6 25. e5 dxe5 26. Rxd8 Rxd8 27. fxe5 Nd5 28. Rd1 Be6 29. Nxd5 cxd5 30. Nf3 Nxa4 31. c4 d4 32. Rxd4 Rxd4 33. Nxd4 Nxb2 34. Nxe6 fxe6 35. Kg1 Bc5+ 36. Kf1 Nd1 37. Bf4 Kf7 38. Bb3 Ne3+ 39. Bxe3 Bxe3 40. Ke2 Bd4 41. Kd3 Bxe5 42. c5 Ke7 43. Kc4 Bg3 44. Bc2 Kd7 45. Bg6 Bf2 46. Bf7 a6 47. Bg6 b6 48. cxb6 Bxb6 49. Be4 Kd6 50. Bb7 a5 51. Bc8 Bf2 52. Ba6 Be1 53. Bb5 Bd2 54. Ba4 g5 55. Be8 e5 56. Bg6 a4 57. Bc2 a3 58. Bb3 h5 59. Ba2 h4 60. Bb3 e4 61. Kd4 e3 62. Kd3 Kc5 63. Ba2 Kb4 64. Kc2 Bc3 65. Kd1 Be5 66. Kc2 e2 67. Kd2 Bf4+ 0-1

[Event "Gibraltar Challengers-A 12th"]
[Site "Caleta"]
[Date "2014.01.29"]
[Round "3"]
[White "Scharrer, Patrick"]
[Black "Verneuil, Pascal"]
[Result "1-0"]
[WhiteElo "2220"]
[BlackElo "2065"]
[PlyCount "83"]
[EventDate "2014.01.27"]
[EventType "swiss"]
[EventRounds "5"]
[EventCountry "GGB"]
[SourceTitle "CBM 158 Extra"]
[Source "ChessBase"]
[SourceDate "2014.02.28"]
[SourceVersion "1"]
[SourceVersionDate "2014.02.28"]
[SourceQuality "1"]

1. e4 c5 2. Nf3 e6 3. d3 d5 4. Qe2 dxe4 5. dxe4 Nc6 6. c3 Nge7 7. g3 b6 8. a4 Bb7 9. Bg2 Qc8 10. Na3 Ng6 11. 0-0 Be7 12. h4 0-0 13. Rd1 Rd8 14. h5 Nge5 15. Nxe5 Nxe5 16. Bf4 Nc6 17. h6 e5 18. Rxd8+ Bxd8 19. Be3 Qe6 20. Rd1 a6 21. Kh2 Bc8 22. hxg7 Bc7 23. Nc4 a5 24. b3 Qg6 25. Bf3 Be6 26. Kg2 f5 27. exf5 Bxf5 28. Bd5+ Kxg7 29. Rh1 h5 30. Qxh5 Be4+ 31. Bxe4 Qxe4+ 32. f3 Qc2+ 33. Nd2 Ne7 34. Qg5+ Kf7 35. Rh6 Rg8 36. Qh5+ Ng6 37. Rh7+ Rg7 38. Rxg7+ Kxg7 39. Qh6+ Kg8 40. Kh3 Qf5+ 41. g4 Qf7 42. Kg2 1-0

[Event "Gibraltar Challengers-A 12th"]
[Site "Caleta"]
[Date "2014.01.28"]
[Round "2"]
[White "Tortolero Hernandez, Cesar Aug"]
[Black "Scharrer, Patrick"]
[Result "0-1"]
[WhiteElo "1952"]
[BlackElo "2220"]
[PlyCount "76"]
[EventDate "2014.01.27"]
[EventType "swiss"]
[EventRounds "5"]
[EventCountry "GGB"]
[SourceTitle "CBM 158 Extra"]
[Source "ChessBase"]
[SourceDate "2014.02.28"]
[SourceVersion "1"]
[SourceVersionDate "2014.02.28"]
[SourceQuality "1"]

1. d4 g6 2. e4 Bg7 3. Nc3 d6 4. Be3 Nd7 5. h4 h5 6. Bc4 a6 7. Nf3 e6 8. Ng5 Qe7 9. a4 b6 10. Qd2 Bb7 11. f3 Ngf6 12. Bb3 c5 13. Ne2 Rc8 14. c3 c4 15. Bc2 e5 16. 0-0 0-0 17. Nc1 d5 18. exd5 Nxd5 19. Bf2 Bh6 20. dxe5 Nxe5 21. Bd4 Nc6 22. Re1 Qc7 23. Qf2 Nxd4 24. cxd4 Rfe8 25. Na2 Bxg5 26. hxg5 Qf4 27. Nc3 Qxg5 28. Ne4 Qf4 29. g3 Qc7 30. Re2 Kg7 31. Rae1 Re6 32. Ng5 Rxe2 33. Rxe2 Nb4 34. Be4 Nd3 35. Qg2 Bxe4 36. Rxe4 c3 37. bxc3 Qxc3 38. Re7 Qc1+ 0-1

[Event "Gibraltar Challengers-A 12th"]
[Site "Caleta"]
[Date "2014.01.27"]
[Round "1"]
[White "Scharrer, Patrick"]
[Black "Nyland, Thomas"]
[Result "0-1"]
[WhiteElo "2220"]
[BlackElo "2047"]
[PlyCount "86"]
[EventDate "2014.01.27"]
[EventType "swiss"]
[EventRounds "5"]
[EventCountry "GGB"]
[SourceTitle "CBM 158 Extra"]
[Source "ChessBase"]
[SourceDate "2014.02.28"]
[SourceVersion "1"]
[SourceVersionDate "2014.02.28"]
[SourceQuality "1"]

1. e4 e5 2. Nf3 Nc6 3. Bc4 Bc5 4. c3 Nf6 5. d3 0-0 6. Nbd2 d6 7. Nf1 Ne7 8. Bg5 Ng6 9. Nh4 Nxe4 10. dxe4 Qxg5 11. Nxg6 Qxg2 12. Qe2 hxg6 13. Ng3 Bg4 14. Qd2 Kh8 15. Rf1 Bf3 16. Bd3 Rad8 17. Qg5 d5 18. Qxe5 dxe4 19. Qxc5 exd3 20. Kd2 Be2 21. Rg1 Qf3 22. Qe3 Qxe3+ 23. fxe3 Rd5 24. Nxe2 dxe2+ 25. Kxe2 Rfd8 26. Rad1 Rxd1 27. Rxd1 Rxd1 28. Kxd1 Kh7 29. Ke2 Kh6 30. Kf3 Kg5 31. Kg3 Kf5 32. Kf3 g5 33. h3 c5 34. c4 b6 35. b3 Ke5 36. a3 f5 37. b4 a5 38. bxa5 bxa5 39. a4 g6 40. Kg3 Ke4 41. Kf2 f4 42. exf4 gxf4 43. h4 f3 0-1

[Event "Gibraltar Challengers-B 11th"]
[Site "Caleta"]
[Date "2013.01.29"]
[Round "4"]
[White "Scharrer, Patrick"]
[Black "Zanetti, Bruno"]
[Result "1-0"]
[WhiteElo "2256"]
[BlackElo "2030"]
[PlyCount "49"]
[EventDate "2013.01.26"]
[EventType "swiss"]
[EventRounds "5"]
[EventCountry "GGB"]
[SourceTitle "EXT 2014"]
[Source "ChessBase"]
[SourceDate "2013.11.20"]
[SourceVersion "1"]
[SourceVersionDate "2013.11.20"]
[SourceQuality "1"]

1. e4 c5 2. Nf3 Nc6 3. Bb5 a6 4. Bxc6 dxc6 5. h3 e6 6. 0-0 Ne7 7. d3 Ng6 8. a4 Bd6 9. a5 Bc7 10. Bd2 Qd6 11. Bc3 e5 12. Qd2 h6 13. Qe3 Qf6 14. Kh2 0-0 15. Nbd2 Qe6 16. Qxc5 Re8 17. Ng1 Nf4 18. Qe3 g5 19. Nc4 h5 20. Nb6 Bxb6 21. axb6 h4 22. d4 f6 23. dxe5 fxe5 24. Ra5 Qc4 25. Rd1 1-0

[Event "Gibraltar Masters 11th"]
[Site "Caleta"]
[Date "2013.01.28"]
[Round "7"]
[White "Burrows, Martin P"]
[Black "Scharrer, Patrick"]
[Result "0-1"]
[WhiteElo "2153"]
[BlackElo "2248"]
[PlyCount "70"]
[EventDate "2013.01.22"]
[EventType "swiss"]
[EventRounds "10"]
[EventCountry "GGB"]
[SourceTitle "CBM 153"]
[Source "ChessBase"]
[SourceDate "2013.03.14"]
[SourceVersion "1"]
[SourceVersionDate "2013.03.14"]
[SourceQuality "1"]

1. e4 g6 2. d4 Bg7 3. Nc3 d6 4. Be3 a6 5. Qd2 b5 6. 0-0-0 Bb7 7. f3 Nd7 8. h4 h5 9. Nh3 e6 10. Ng5 Qe7 11. Bd3 Ngf6 12. Rhe1 Rc8 13. d5 e5 14. Kb1 c6 15. dxc6 Rxc6 16. a4 bxa4 17. Nxa4 0-0 18. c4 Rb8 19. Qa5 Rcc8 20. Re2 Nh7 21. Nxh7 Kxh7 22. Qd2 Bc6 23. Nc3 Nc5 24. Nd5 Bxd5 25. cxd5 Na4 26. Qe1 Nc3+ 27. Ka1 Nxd1 28. Qxd1 Bh6 29. Bxh6 Kxh6 30. g3 Qc7 31. Qd2+ Kg7 32. Re1 Qb6 33. g4 Qd4 34. gxh5 Rb3 35. Re3 Rcb8 0-1

[Event "Gibraltar Challengers-B 11th"]
[Site "Caleta"]
[Date "2013.01.27"]
[Round "2"]
[White "Scharrer, Patrick"]
[Black "Becham, Khalid"]
[Result "1/2-1/2"]
[WhiteElo "2256"]
[BlackElo "1929"]
[PlyCount "85"]
[EventDate "2013.01.26"]
[EventType "swiss"]
[EventRounds "5"]
[EventCountry "GGB"]
[SourceTitle "EXT 2014"]
[Source "ChessBase"]
[SourceDate "2013.11.20"]
[SourceVersion "1"]
[SourceVersionDate "2013.11.20"]
[SourceQuality "1"]

1. e4 c5 2. Nf3 d6 3. d4 cxd4 4. Qxd4 a6 5. c4 Nc6 6. Qd2 Nf6 7. Nc3 g6 8. b3 Bg7 9. Bb2 0-0 10. Be2 Qa5 11. Rb1 Rd8 12. 0-0 Bg4 13. Rfe1 e5 14. Qe3 Qc5 15. Nd5 Qxe3 16. Nxf6+ Bxf6 17. fxe3 Be6 18. Red1 Rd7 19. Rd2 Rad8 20. Rbd1 a5 21. h3 h5 22. h4 Kf8 23. Ng5 Bxg5 24. hxg5 Ke7 25. a3 b6 26. Bc3 Rh8 27. Kh2 Rc8 28. a4 Nd8 29. Rf1 Nb7 30. Bd1 Nc5 31. Bc2 Bg4 32. Kg3 Be6 33. Rf6 h4+ 34. Kxh4 Rh8+ 35. Kg3 Rh5 36. Rf1 Rxg5+ 37. Kf2 f5 38. exf5 Bxf5 39. Rh1 Bxc2 40. Rxc2 Nxb3 41. Kf3 Nc5 42. g4 Ke6 43. Kg3 1/2-1/2

[Event "Gibraltar Masters 11th"]
[Site "Caleta"]
[Date "2013.01.24"]
[Round "3"]
[White "Scharrer, Patrick"]
[Black "Skutta, Bernd"]
[Result "1/2-1/2"]
[WhiteElo "2248"]
[BlackElo "2048"]
[PlyCount "72"]
[EventDate "2013.01.22"]
[EventType "swiss"]
[EventRounds "10"]
[EventCountry "GGB"]
[SourceTitle "CBM 153"]
[Source "ChessBase"]
[SourceDate "2013.03.14"]
[SourceVersion "1"]
[SourceVersionDate "2013.03.14"]
[SourceQuality "1"]

1. e4 d6 2. d4 Nf6 3. Nc3 e5 4. Nf3 Nbd7 5. Bc4 Be7 6. 0-0 0-0 7. a4 a5 8. Re1 c6 9. Ba2 exd4 10. Nxd4 Nc5 11. Qf3 Bg4 12. Qg3 Qd7 13. h3 Be6 14. Nxe6 fxe6 15. e5 Nd5 16. Ne4 Nxe4 17. Rxe4 Kh8 18. Bg5 Bxg5 19. Qxg5 Rf5 20. Qg3 dxe5 21. Rxe5 Raf8 22. Rxf5 exf5 23. Rd1 Qe6 24. Qf3 Qe5 25. Bxd5 cxd5 26. Rxd5 Qxb2 27. Rxf5 Rxf5 28. Qxf5 h6 29. Qf8+ Kh7 30. Qf5+ Kg8 31. g3 Qa1+ 32. Kh2 Qxa4 33. Qe6+ Kh7 34. Qf5+ Kg8 35. Qe6+ Kh7 36. Qf5+ Kg8 1/2-1/2

[Event "Benidorm op U2300 11th"]
[Site "Benidorm"]
[Date "2012.12.06"]
[Round "8"]
[White "Scharrer, Patrick"]
[Black "Sos Andreu, Eric"]
[Result "1-0"]
[WhiteElo "2256"]
[BlackElo "2144"]
[PlyCount "57"]
[EventDate "2012.11.30"]
[EventType "swiss"]
[EventRounds "10"]
[EventCountry "ESP"]
[SourceTitle "EXT 2014"]
[Source "ChessBase"]
[SourceDate "2013.11.20"]
[SourceVersion "1"]
[SourceVersionDate "2013.11.20"]
[SourceQuality "1"]

1. e4 c5 2. Nf3 Nc6 3. Bb5 g6 4. 0-0 Bg7 5. c3 Nf6 6. Qa4 0-0 7. d4 b6 8. dxc5 Bb7 9. cxb6 axb6 10. Qc2 Ra5 11. Na3 Qa8 12. Bd3 Rc5 13. Qe2 Ne5 14. Nxe5 Rxe5 15. Nc4 Re6 16. Be3 Nxe4 17. Nxb6 Qa5 18. f3 Rxb6 19. Bxe4 Bxe4 20. fxe4 Re6 21. Qd3 Qa8 22. a4 Rxe4 23. a5 Be5 24. a6 Rb8 25. Rf2 Rh4 26. h3 Bg3 27. Rd2 f5 28. a7 Rd8 29. Qd5+ 1-0

[Event "Benidorm op U2300 11th"]
[Site "Benidorm"]
[Date "2012.12.04"]
[Round "5"]
[White "Scharrer, Patrick"]
[Black "Burriel Rosello, Carlos"]
[Result "0-1"]
[WhiteElo "2256"]
[BlackElo "2159"]
[PlyCount "92"]
[EventDate "2012.11.30"]
[EventType "swiss"]
[EventRounds "10"]
[EventCountry "ESP"]
[SourceTitle "EXT 2014"]
[Source "ChessBase"]
[SourceDate "2013.11.20"]
[SourceVersion "1"]
[SourceVersionDate "2013.11.20"]
[SourceQuality "1"]

1. e4 Nf6 2. e5 Nd5 3. d4 d6 4. c4 Nb6 5. exd6 cxd6 6. Nc3 g6 7. Be3 Bg7 8. Rc1 0-0 9. Nf3 Bg4 10. Be2 Nc6 11. d5 Bxf3 12. Bxf3 Ne5 13. b3 Nxf3+ 14. Qxf3 Nd7 15. 0-0 a6 16. Qe2 Rc8 17. Ne4 h6 18. f4 f5 19. Nd2 Re8 20. Rfe1 Qa5 21. Nf3 e5 22. dxe6 Rxe6 23. Qd2 Qxd2 24. Bxd2 Rxe1+ 25. Rxe1 Kf7 26. Bb4 Nc5 27. Bxc5 Rxc5 28. Rd1 Ke6 29. Kf2 b5 30. cxb5 axb5 31. Ke3 Rc2 32. Rd2 Rc1 33. Nd4+ Bxd4+ 34. Kxd4 Re1 35. g3 g5 36. Kc3 Re4 37. Rd4 Re2 38. Rd2 Rxd2 39. Kxd2 b4 40. fxg5 hxg5 41. h4 gxh4 42. gxh4 d5 43. Ke3 Kf6 44. Kf4 d4 45. h5 Kg7 46. Kf3 Kh6 0-1

[Event "Budapest FS09 IM"]
[Site "Budapest"]
[Date "2012.09.10"]
[Round "10"]
[White "Scharrer, Patrick"]
[Black "Galyas, Miklos"]
[Result "1/2-1/2"]
[WhiteElo "2274"]
[BlackElo "2429"]
[PlyCount "22"]
[EventDate "2012.09.01"]
[EventType "tourn"]
[EventRounds "11"]
[EventCountry "HUN"]
[EventCategory "2"]
[SourceTitle "CBM 150 Extra"]
[Source "ChessBase"]
[SourceDate "2012.10.19"]
[SourceVersion "1"]
[SourceVersionDate "2012.10.19"]
[SourceQuality "1"]

1. e4 e6 2. d4 d5 3. Nc3 Bb4 4. e5 c5 5. Bd2 Ne7 6. Nb5 Bxd2+ 7. Qxd2 0-0 8. f4 Nbc6 9. Nf3 Nxd4 10. Nbxd4 cxd4 11. Bd3 f5 1/2-1/2

[Event "Budapest FS09 IM"]
[Site "Budapest"]
[Date "2012.09.07"]
[Round "7"]
[White "Scharrer, Patrick"]
[Black "Lengyel, Bela"]
[Result "1/2-1/2"]
[WhiteElo "2274"]
[BlackElo "2250"]
[PlyCount "204"]
[EventDate "2012.09.01"]
[EventType "tourn"]
[EventRounds "11"]
[EventCountry "HUN"]
[EventCategory "2"]
[SourceTitle "CBM 150 Extra"]
[Source "ChessBase"]
[SourceDate "2012.10.19"]
[SourceVersion "1"]
[SourceVersionDate "2012.10.19"]
[SourceQuality "1"]

1. e4 e5 2. Nf3 Nc6 3. Bc4 Nf6 4. d3 Be7 5. Nbd2 0-0 6. h3 d6 7. c3 Na5 8. Bb5 a6 9. Ba4 b5 10. Bc2 c5 11. Nf1 Nc6 12. Ng3 d5 13. 0-0 dxe4 14. dxe4 Be6 15. Bg5 Qc7 16. Qc1 Rad8 17. Nh4 Ne8 18. Nhf5 f6 19. Be3 g6 20. Nxe7+ Qxe7 21. Bh6 Ng7 22. Qe3 Rd7 23. Bb3 Rfd8 24. Qe2 c4 25. Bc2 Ne8 26. Qe3 Rb7 27. Rfd1 Nc7 28. Qf3 Rxd1+ 29. Rxd1 Nd8 30. Nf1 Nf7 31. Bc1 Rb8 32. Ne3 Rd8 33. h4 Rxd1+ 34. Qxd1 Qd8 35. Qf3 Ne8 36. h5 Kg7 37. hxg6 hxg6 38. Qg3 Ned6 39. Nf5+ Bxf5 40. exf5 g5 41. Qf3 e4 42. Qh5 Ne5 43. Be3 Nxf5 44. Bxe4 Nxe3 45. Qh7+ Kf8 46. Qh8+ Ke7 47. Qxd8+ Kxd8 48. fxe3 Ng4 49. Bb7 Kc7 50. Bxa6 Kb6 51. Bc8 Nxe3 52. Kf2 Nd1+ 53. Ke2 Nxb2 54. Kd2 Kc5 55. a3 Nd3 56. Bd7 Nf4 57. g4 Nd5 58. Bc8 Nb6 59. Bf5 Na4 60. Bd7 Nb6 61. Be8 Nc8 62. Bd7 Ne7 63. Ke3 Nd5+ 64. Kd2 Kb6 65. Be6 Nc7 66. Bf5 Kc5 67. Bd7 Kd6 68. Bc8 Ke5 69. Ke3 Nd5+ 70. Kd2 Kf4 71. Bd7 Nc7 72. Bf5 Ne8 73. Bc8 Nd6 74. Bd7 Kf3 75. Be6 Ne4+ 76. Kc2 Ke3 77. Bd7 Nd6 78. Be6 Kf3 79. Bd7 Ke3 80. Be6 Kf3 81. Bd7 Ke4 82. Kd2 Kf3 83. Kc2 Ke4 84. Kd2 Kf4 85. Kc2 f5 86. gxf5 g4 87. f6 g3 88. Bc6 Ke3 89. Ba8 Ke2 90. Bc6 Nf7 91. Bd5 Ke3 92. Bc6 Ng5 93. Bb7 Nf7 94. Bd5 Kf2 95. Kd2 g2 96. Bxg2 Kxg2 97. Ke3 Kf1 98. Kd4 Ke2 99. a4 bxa4 100. Kxc4 a3 101. Kb3 Kd3 102. Kxa3 Kxc3 1/2-1/2

[Event "Budapest FS09 IM"]
[Site "Budapest"]
[Date "2012.09.06"]
[Round "6"]
[White "Lyell, Mark"]
[Black "Scharrer, Patrick"]
[Result "1-0"]
[WhiteElo "2225"]
[BlackElo "2274"]
[PlyCount "55"]
[EventDate "2012.09.01"]
[EventType "tourn"]
[EventRounds "11"]
[EventCountry "HUN"]
[EventCategory "2"]
[SourceTitle "CBM 150 Extra"]
[Source "ChessBase"]
[SourceDate "2012.10.19"]
[SourceVersion "1"]
[SourceVersionDate "2012.10.19"]
[SourceQuality "1"]

1. e4 g6 2. d4 Bg7 3. Nc3 d6 4. Be3 a6 5. h4 Nf6 6. Be2 h5 7. Nh3 c5 8. dxc5 Qa5 9. Ng5 dxc5 10. e5 Ng4 11. Bxg4 Bxg4 12. f3 Bc8 13. Qd5 0-0 14. f4 Nd7 15. 0-0-0 e6 16. Nxe6 fxe6 17. Qxe6+ Rf7 18. Qxg6 Nf8 19. Qxh5 b5 20. Rd5 Raa7 21. Rhd1 Rac7 22. Rxc5 Rxc5 23. Bxc5 b4 24. Bxf8 Bxf8 25. Ne4 Qxa2 26. Qg6+ Kh8 27. Nf6 Rc7 28. Qh5+ 1-0

[Event "Budapest FS09 IM"]
[Site "Budapest"]
[Date "2012.09.05"]
[Round "5"]
[White "Scharrer, Patrick"]
[Black "Szalanczy, Emil"]
[Result "1-0"]
[WhiteElo "2274"]
[BlackElo "2237"]
[PlyCount "111"]
[EventDate "2012.09.01"]
[EventType "tourn"]
[EventRounds "11"]
[EventCountry "HUN"]
[EventCategory "2"]
[SourceTitle "CBM 150 Extra"]
[Source "ChessBase"]
[SourceDate "2012.10.19"]
[SourceVersion "1"]
[SourceVersionDate "2012.10.19"]
[SourceQuality "1"]

1. e4 c5 2. Nf3 d6 3. d4 cxd4 4. Nxd4 Nf6 5. Nc3 g6 6. Bg5 Bg7 7. Bb5+ Bd7 8. Qe2 a6 9. Bxd7+ Nbxd7 10. f4 h6 11. Bh4 e5 12. fxe5 dxe5 13. Nb3 Rc8 14. 0-0-0 Rxc3 15. bxc3 Qc7 16. Rhf1 0-0 17. Qd3 Rc8 18. Rf3 Qc6 19. Qd6 g5 20. Qxc6 Rxc6 21. Bg3 Kf8 22. Rf5 Re6 23. Bf2 Ke8 24. Re1 Bf8 25. Kb2 Rc6 26. Na5 Rc7 27. Nb3 Ke7 28. Rf3 Ke6 29. Nd2 Bc5 30. Bxc5 Nxc5 31. c4 g4 32. Rfe3 Nfd7 33. h3 h5 34. hxg4 hxg4 35. Rh1 Nb6 36. Rh6+ f6 37. Rg6 Rd7 38. Re2 g3 39. Nf3 Rd1 40. Rxg3 Nca4+ 41. Ka3 Nxc4+ 42. Kxa4 Rb1 43. Ng5+ fxg5 44. Rb3 b5+ 45. Kb4 Ra1 46. Rh3 Rxa2 47. Kc5 Na3 48. Rh6+ Ke7 49. Rxa6 g4 50. Kd5 Rxc2 51. Rxc2 Nxc2 52. Kxe5 Ne3 53. Ra7+ Kd8 54. g3 Kc8 55. Kf4 Nf1 56. Ra5 1-0

[Event "Sydney op"]
[Site "Parramatta"]
[Date "2012.04.11"]
[Round "2"]
[White "Czebe, Attila"]
[Black "Scharrer, Patrick"]
[Result "1-0"]
[WhiteElo "2477"]
[BlackElo "2283"]
[PlyCount "41"]
[EventDate "2012.04.11"]
[EventType "swiss"]
[EventRounds "9"]
[EventCountry "AUS"]
[SourceTitle "CBM 148 Extra"]
[Source "ChessBase"]
[SourceDate "2012.06.22"]
[SourceVersion "1"]
[SourceVersionDate "2012.06.22"]
[SourceQuality "1"]

1. e4 g6 2. d4 Bg7 3. Nc3 d6 4. Bc4 e6 5. h4 h6 6. h5 g5 7. f4 gxf4 8. Bxf4 Nc6 9. Nf3 Nf6 10. Qe2 a6 11. Bb3 Qe7 12. e5 dxe5 13. dxe5 Nd7 14. 0-0-0 b6 15. Bg3 Bb7 16. Bh4 Qb4 17. Kb1 Ndxe5 18. Ne4 Ng4 19. Nd4 Nce5 20. Rhf1 c5 21. Nd6+ 1-0